A perilous undertaking. #2 / Deanna Raybourn.
Available copies
- 2 of 2 copies available at LARL/NWRL Consortium.
- 2 of 2 copies available at Lake Agassiz Regional Library. (Show preferred library)
Current holds
0 current holds with 2 total copies.
Show Only Available Copies
| Location | Call Number / Copy Notes | Barcode | Shelving Location | Status | Due Date |
|---|---|---|---|---|---|
| Crookston Public Library | M RAY (Text) | 33500012424628 | Main | Available | - |
| Hawley Public Library | M RAY (Text) | 33500012424610 | Main | Available | - |
Record details
- ISBN: 9780451476159
- ISBN: 0451476158
- Physical Description: 338 pages ; 24 cm.
- Edition: First edition.
- Publisher: New York : Berkley Books, 2017.
- Copyright: ©2017
Content descriptions
| Summary, etc.: | "London, 1887. Victorian adventuress and butterfly ... Read More |
Search for related items by subject
Search for related items by series
| LDR | 03617cam a22007458i 4500 | ||
|---|---|---|---|
| 001 | 222831 | ||
| 003 | LARL_NWRL_CONSORTIUM | ||
| 005 | 20170125181714.0 | ||
| 008 | 160520t20172017nyu 000 1 eng | ||
| 019 | . | ‡a947145718 | |
| 020 | . | ‡a9780451476159 ‡q(hardback) | |
| 020 | . | ‡a0451476158 ‡q(hardback) | |
| 020 | . | ‡z9780698198456 ‡q(ebook) | |
| 020 | . | ‡z069819845X ‡q(ebook) | |
| 035 | . | ‡a(OCoLC)950202622 ‡z(OCoLC)947145718 | |
| 042 | . | ‡apcc | |
| 043 | . | ‡ae-uk--- | |
| 082 | 0 | 0. | ‡a813/.6 ‡223 |
| 084 | . | ‡aFIC022040 ‡aFIC022060 ‡2bisacsh | |
| 100 | 1 | . | ‡aRaybourn, Deanna, ‡eauthor. ‡0(LARL_NWRL_CONSORTIUM)197583 |
| 245 | 1 | 2. | ‡aA perilous undertaking. ‡n#2 / ‡cDeanna Raybourn. |
| 250 | . | ‡aFirst edition. | |
| 264 | 1. | ‡aNew York : ‡bBerkley Books, ‡c2017. | |
| 264 | 4. | ‡c©2017 | |
| 300 | . | ‡a338 pages ; ‡c24 cm. | |
| 336 | . | ‡atext ‡btxt ‡2rdacontent | |
| 337 | . | ‡aunmediated ‡bn ‡2rdamedia | |
| 338 | . | ‡avolume ‡bnc ‡2rdacarrier | |
| 490 | 0 | . | ‡aVeronica Speedwell ; ‡v2 |
| 520 | . | ‡a"London, 1887. Victorian adventuress and butterfly hunter Veronica Speedwell receives an invitation to visit the Curiosity Club, a ladies-only establishment for daring and intrepid women. There she meets the mysterious Lady Sundridge, who begs her to take on an impossible task saving society art patron Miles Ramsforth from execution. Accused of the brutal murder of his artist mistress Artemisia, Ramsforth will face the hangman's noose in a week's time if Veronica cannot find the real killer. But Lady Sundridge is not all that she seems, and unmasking her true identity is only the first of the many secrets Veronica must uncover."-- ‡cProvided by publisher. | |
| 650 | 0. | ‡aWomen private investigators ‡vFiction. ‡0(LARL_NWRL_CONSORTIUM)168047 | |
| 650 | 0. | ‡aAristocracy (Social class) ‡vFiction. ‡0(LARL_NWRL_CONSORTIUM)163245 | |
| 650 | 0. | ‡aMurder ‡xInvestigation ‡vFiction. ‡0(LARL_NWRL_CONSORTIUM)166203 | |
| 651 | 0. | ‡aGreat Britain ‡xHistory ‡yVictoria, 1837-1901 ‡vFiction. ‡0(LARL_NWRL_CONSORTIUM)163125 | |
| 650 | 7. | ‡aFICTION ‡xMystery & Detective ‡xWomen Sleuths. ‡2bisacsh | |
| 650 | 7. | ‡aFICTION ‡xMystery & Detective ‡xHistorical. ‡2bisacsh | |
| 650 | 7. | ‡2fast ‡0(LARL_NWRL_CONSORTIUM)13857 ‡aAristocracy (Social class) | |
| 650 | 7. | ‡aMurder ‡xInvestigation. ‡2fast ‡0(LARL_NWRL_CONSORTIUM)26286 | |
| 650 | 7. | ‡aWomen private investigators. ‡2fast ‡0(LARL_NWRL_CONSORTIUM)42271 | |
| 651 | 7. | ‡aGreat Britain. ‡2fast ‡0(LARL_NWRL_CONSORTIUM)178320 | |
| 650 | 4. | ‡aFiction ‡xMystery & Detective ‡xWomen Sleuths. | |
| 650 | 4. | ‡aFiction ‡xMystery & Detective ‡xHistorical. | |
| 650 | 7. | ‡aDetective and mystery stories. ‡0(LARL_NWRL_CONSORTIUM)18458 | |
| 648 | 7. | ‡a1837-1901 ‡2fast | |
| 655 | 7. | ‡aDetective and mystery fiction. ‡2lcgft | |
| 655 | 7. | ‡aHistorical fiction. ‡2lcgft | |
| 655 | 7. | ‡aMystery fiction. ‡2gsafd | |
| 655 | 7. | ‡aHistorical fiction. ‡2gsafd | |
| 655 | 7. | ‡aDetective and mystery stories. ‡2lcsh | |
| 655 | 7. | ‡aDetective and mystery fiction. ‡2fast | |
| 655 | 7. | ‡aFiction. ‡2fast | |
| 655 | 7. | ‡aHistorical fiction. ‡2fast | |
| 655 | 7. | ‡aHistory. ‡2fast | |
| 655 | 7. | ‡aHistorical detective and mystery fiction. ‡2local | |
| 776 | 0 | 8. | ‡iOnline version: ‡aRaybourn, Deanna. ‡tPerilous undertaking. ‡bFirst edition. ‡dNew York : Berkley Books, 2017 ‡z9780698198456 ‡w(DLC) 2016024005 |
| 901 | . | ‡a222831 ‡bOCoLC ‡c222831 ‡tbiblio ‡soclc | |

Add to basket
Permalink
Disable Highlighting